AH International Schools' Libraries

Winnie the Witch (Record no. 49134)

MARC details
000 -LEADER
fixed length control field 00374nam a22001217a 4500
008 - FIXED-LENGTH DATA ELEMENTS--GENERAL INFORMATION
fixed length control field 250806b |||||||| |||| 00| 0 eng d
020 ## - INTERNATIONAL STANDARD BOOK NUMBER
International Standard Book Number 9780916291327
100 ## - MAIN ENTRY--PERSONAL NAME
Personal name Korky Paul (Author), Valerie Thomas (Author)
9 (RLIN) 86478
245 ## - TITLE STATEMENT
Title Winnie the Witch
260 ## - PUBLICATION, DISTRIBUTION, ETC. (IMPRINT)
Place of publication, distribution, etc California
Name of publisher, distributor, etc Kane Miller Book Pub
Date of publication, distribution, etc 1990
300 ## - PHYSICAL DESCRIPTION
Extent 26 pages
Other physical details col. ill.
Dimensions 8.5 x 0.25 x 11 inches
942 ## - ADDED ENTRY ELEMENTS (KOHA)
Source of classification or shelving scheme
Holdings
Withdrawn status Lost status Source of classification or shelving scheme Damaged status Not for loan Collection code Home library Current library Date acquired Total Checkouts Full call number Barcode Date last seen Price effective from Koha item type
          Siem Reap Asian Hope Siem Reap Asian Hope Siem Reap 08/06/2025   FIC KOR 209076 08/06/2025 08/06/2025 Book

For any Logos Library related questions please contact Miss Art at swongnarasuk@asianhope.org.

For any Asian Hope Library related questions please contact Miss Raza at graza@asianhope.org.

Click here to explore our ebooks!

Powered by Koha